MARC details
| 000 -LEADER |
| fixed length control field |
01430naa a2200337 i 4500 |
| 003 - CONTROL NUMBER IDENTIFIER |
| control field |
EG-GICUC |
| 005 - DATE AND TIME OF LATEST TRANSACTION |
| control field |
20260121101428.0 |
| 008 - FIXED-LENGTH DATA ELEMENTS--GENERAL INFORMATION |
| fixed length control field |
251203s1933 us ||||fr|||| ||1 | lat d |
| 040 ## - CATALOGING SOURCE |
| Original cataloging agency |
EG-GiCUC |
| Language of cataloging |
eng |
| Transcribing agency |
EG-GiCUC |
| Modifying agency |
EG-GiCUC |
| Description conventions |
rda |
| 082 04 - DEWEY DECIMAL CLASSIFICATION NUMBER |
| Edition number |
21 |
| Classification number |
341.3 |
| Item number |
GE . L |
| 092 04 - LOCALLY ASSIGNED DEWEY CALL NUMBER (OCLC) |
| Edition number |
21 |
| 099 ## - LOCAL FREE-TEXT CALL NUMBER (OCLC) |
| Classification number |
Law1 11 341.3 GE . I 1933 |
| 100 1# - MAIN ENTRY--PERSONAL NAME |
| Personal name |
Gentili, Alberico, |
| Dates associated with a name |
1552-1608, |
| Relator term |
Author. |
| 245 13 - TITLE STATEMENT |
| Title |
De Iure Belli libri tres. |
| Number of part/section of a work |
Volume One, |
| Name of part/section of a work |
The photographic reproduction of the edition of 1612 / |
| Statement of responsibility, etc. |
by Alberico Gentili. |
| 264 #3 - PRODUCTION, PUBLICATION, DISTRIBUTION, MANUFACTURE, AND COPYRIGHT NOTICE |
| Place of production, publication, distribution, manufacture |
New York : |
| Name of producer, publisher, distributor, manufacturer |
Oxford University Press, |
| Date of production, publication, distribution, manufacture, or copyright notice |
1933. |
| 264 #1 - PRODUCTION, PUBLICATION, DISTRIBUTION, MANUFACTURE, AND COPYRIGHT NOTICE |
| Place of production, publication, distribution, manufacture |
London : |
| Name of producer, publisher, distributor, manufacturer |
Humphrey Milford, |
| Date of production, publication, distribution, manufacture, or copyright notice |
1933. |
| 300 ## - PHYSICAL DESCRIPTION |
| Extent |
Various paging : |
| Dimensions |
24 cm. |
| Other physical details |
Photographs ; |
| 336 ## - CONTENT TYPE |
| Source |
rda content |
| Content type term |
text |
| 337 ## - MEDIA TYPE |
| Source |
rda media |
| Media type term |
Computer |
| 338 ## - CARRIER TYPE |
| Source |
rda carrier |
| Carrier type term |
Online Resource |
| 490 0# - SERIES STATEMENT |
| Series statement |
The classics of international law. |
| 500 ## - GENERAL NOTE |
| General note |
Includes index |
| 500 ## - GENERAL NOTE |
| General note |
Text in Latin |
| 504 ## - BIBLIOGRAPHY, ETC. NOTE |
| Bibliography, etc. note |
Includes marginal notes (side-notes) |
| 505 ## - FORMATTED CONTENTS NOTE |
| Formatted contents note |
1. The photographic reproduction of the edition of 1612 -- v. 2. The translation of the edition of 1612 / by John C. Rolfe, professor of the Latin language and literature in the University of Pennsylvania, and an introduction by Coleman Phillipson, and index |
| 650 14 - SUBJECT ADDED ENTRY--TOPICAL TERM |
| Topical term or geographic name entry element |
Diplomacy |
| General subdivision |
Public international law |
| Source of heading or term |
qrmak |
| 651 1# - SUBJECT ADDED ENTRY--GEOGRAPHIC NAME |
| Source of heading or term |
qrmak |
| 856 40 - ELECTRONIC LOCATION AND ACCESS |
| Uniform Resource Identifier |
<a href="https://fll.law.cu.edu.eg/fulltext/bks/B11-05448.pdf">https://fll.law.cu.edu.eg/fulltext/bks/B11-05448.pdf</a> |
| 905 ## - Cataloger and Reviser Names |
| Cataloger Name: |
Rawan khaled |
| Revisor Name: |
Hassnaa |
| 942 ## - ADDED ENTRY ELEMENTS (KOHA) |
| Source of classification or shelving scheme |
Dewey Decimal Classification |
| Suppress in OPAC |
No |
| Koha item type |
Books |
| Edition |
21 |